Logo BPK

Biblioteka

Politechniki Koszalińskiej

Experimental soil mechanics / (Rekord nr 34710)

Szczegóły MARC
000 -ETYKIETA REKORDU
podpole kontrolne o stałej długości 00669nam a2200229 i 4500
001 - NUMER KONTROLNY REKORDU
pole kontrolne bg
020 ## - MIĘDZYNARODOWY ZNORMALIZOWANY NUMER KSIĄŻKI - ISBN
ISBN 0133749355
040 ## - ŹRÓDŁO KATALOGOWANIA
Instytucja, która utworzyła rekord BPK
041 0# - KOD JĘZYKA
Kod języka tekstu en
080 ## - UNIWERSALNA KLASYFIKACJA DZIESIĘTNA - UKD
UKD 631.4:624.131
920 ## - Międzynarodowy znormalizowany numer książki – ISBN
ISBN 0-13-374935-5
008 - POLE O STAŁEJ DŁUGOŚCI - DANE KONTROLNE
podpole kontrolne o stałej długości s pl f |000 0 pol
100 1# - NAZWA OSOBOWA
Nazwa osobowa BARDET, Jean-Pierre
245 10 - TYTUŁ/ODPOWIEDZIALNOŚĆ
Tytuł Experimental soil mechanics /
Pozostałe elementy strefy tytułu i oznaczenia odpowiedzialności Jean-Pierre Bardet.
260 ## - STREFA ADRESU WYDAWNICZEGO
Miejsce wydania Upper Saddle River :
Nazwa wydawcy/dystrybutora Prentice Hall,
Data publikacji, dystrybucji/powstania dokumentu cop. 1997.
300 ## - STREFA OPISU FIZYCZNEGO
Objętość VIII, 582 s. :
Inne cechy fizyczne fot., rys., wykr. ;
Rozmiary 30 cm +
Dokument towarzyszący dyskietka.
504 ## - UWAGA DOTYCZĄCA BIBLIOGRAFII
Informacje o bibliografii Bibliogr. przy rozdz. - Indeks.
650 #9 - HASŁO PRZEDMIOTOWE W FORMIE NAZWY OGÓLNEJ LUB JEDNOSTKOWEJ
Nazwa ogólna lub geograficzna Gleba
Określnik ogólny badanie
650 #9 - HASŁO PRZEDMIOTOWE W FORMIE NAZWY OGÓLNEJ LUB JEDNOSTKOWEJ
Nazwa ogólna lub geograficzna Mechanika gruntów
650 #9 - HASŁO PRZEDMIOTOWE W FORMIE NAZWY OGÓLNEJ LUB JEDNOSTKOWEJ
Nazwa ogólna lub geograficzna Geologia inżynierska
Określnik ogólny metody
856 ## - LOKALIZACJA I DOSTĘP DO ELEKTRONICZNYCH DOKUMENTÓW ZDALNYCH
Link (URL) http://koha.tu.koszalin.pl/cgi-bin/koha/opac-detail.pl?biblionumber=34710
Tekst linku Katalog online BPK
942 ## - DODATKOWE ELEMENTY (KOHA)
Typ dokumentu Książka
Egzemplarze
Wycofany Status egzemplarza Uszkodzony Dostępność Lokalizacja stała Lokalizacja bieżąca Miejsce przechowywania Sygnatura Kod kreskowy Typ dokumentu
      Dostępny Biblioteka Politechniki Koszalińskiej Biblioteka Politechniki Koszalińskiej Wypożyczalnia BG 48319 01399639 Książka
© 2023 Biblioteka Politechniki Koszalińskiej :: KOHA